Trasa Warszawskiej linii autobusowej 507 - Statystyki

Ogólne statystyki
  • Ten quiz został rozwiązany 34 razy
  • Średni wynik to 15 z 15
Statystyki odpowiedzi
Dzielnica Przystanek % Poprawnych
Praga-Południe Abrahama
100%
Praga-Południe Afrykańska
100%
Praga-Południe Bora-Komorowskiego
100%
Śródmieście Centrum
100%
Śródmieście / Ochota Dworzec Centralny
100%
Śródmieście / Ochota Dworzec Centralny
100%
Praga-Południe / Wawer Gocław
100%
Praga-Południe / Wawer Gocław
100%
Praga-Południe Rondo Waszyngtona
100%
Praga-Południe Saska
100%
Praga-Południe Stacja Krwiodawstwa
100%
Praga-Południe Wał Gocławski
100%
Praga-Południe Adampolska
95%
Praga-Południe Horbaczewskiego
95%
Śródmieście Muzeum Narodowe
89%
Nie znaleziono quizów pasujących do podanych kryteriów
Rozkład punktacji
Procent ludzi z każdym wynikiem
Percentyl według liczby udzielonych odpowiedzi
Twoja historia wyników
Nie rozwiązałeś tego quizu